[Event "WYCC U14 Open 2019"]
[Site "Mumbai"]
[Date "2019.10.11"]
[Round "10.8"]
[White "Jain Kashish Manoj"]
[Black "Amanzhol, Sultan"]
[Result "0-1"]
[WhiteElo "1930"]
[BlackElo "2032"]
[Annotator "NA"]
[PlyCount "80"]
[EventDate "2019.10.02"]
[EventType "swiss"]
[EventCountry "IND"]
[SourceTitle "playchess.com"]
[Source "ChessBase"]
[SourceQuality "1"]
[TimeControl "40/5400+30:1800+30"]

1. Nf3 {[%emt 0:00:00]} d5 {[%emt 0:00:00]} 2. g3 {[%emt 0:00:00]} c5 {[%emt 0:00:24]} 3. Bg2 {[%emt 0:00:00]} Nc6 {[%emt 0:00:50]} 4. O-O {[%emt 0:00:10]} e5 {[%emt 0:00:31]} 5. d3 {[%emt 0:00:25]} Be7 {[%emt 0:01:08]} 6. Nbd2 {[%emt 0:01:40]} Bg4 {[%emt 0:00:38]} 7. e4 {[%emt 0:01:56]} d4 {[%emt 0:00:39]} 8. h3 {[%emt 0:03:49]} Be6 {[%emt 0:00:35]} 9. Nc4 {[%emt 0:00:23]} f6 {[%emt 0:02:05]} 10. c3 {[%emt 0:03:16]} Qd7 {[%emt 0:02:34]} 11. Kh2 {[%emt 0:00:34]} g5 {[%emt 0:03:29]} 12. cxd4 {[%emt 0:00:55]} cxd4 {[%emt 0:01:09]} 13. a3 {[%emt 0:03:37]} h5 {[%emt 0:02:52]} 14. b4 {[%emt 0:05:53]} h4 {[%emt 0:07:50]} 15. g4 {[%emt 0:02:14]} Nh6 {[%emt 0:00:53]} 16. Ne1 {[%emt 0:01:25]} O-O {[%emt 0:02:33]} 17. Nf3 {[%emt 0:12:25]} Nf7 {[%emt 0:00:58]} 18. Rb1 {[%emt 0:22:20]} Rfc8 {[%emt 0:04:09]} 19. Re1 {[%emt 0:04:37]} b5 {[%emt 0:07:03]} 20. Ncd2 {[%emt 0:01:31]} a5 {[%emt 0:00:34]} 21. bxa5 {[%emt 0:01:28]} Rxa5 {[%emt 0:00:22]} 22. Bf1 {[%emt 0:01:56]} Ncd8 {[%emt 0:05:24]} 23. Nb3 {[%emt 0:02:16]} Ra7 {[%emt 0:10:19]} 24. Ra1 {[%emt 0:05:35]} Rca8 {[%emt 0:01:04]} 25. Nfd2 {[%emt 0:01:19]} Bxa3 {[%emt 0:03:53]} 26. Bxa3 {[%emt 0:00:39]} Rxa3 {[%emt 0:00:06]} 27. Rxa3 {[%emt 0:00:07]} Rxa3 {[%emt 0:00:15]} 28. Nc5 {[%emt 0:00:58]} Qd6 {[%emt 0:02:06]} 29. Nxe6 {[%emt 0:00:08]} Nxe6 {[%emt 0:00:06]} 30. Qb1 {[%emt 0:00:03]} Qc5 {[%emt 0:01:51]} 31. Re2 {[%emt 0:06:11]} Nf4 {[%emt 0:06:52]} 32. Nb3 {[%emt 0:00:29]} Qc3 {[%emt 0:01:01]} 33. Rb2 {[%emt 0:00:08]} Nd6 {[%emt 0:02:08]} 34. Kg1 {[%emt 0:00:06]} Kg7 {[%emt 0:08:09]} 35. Nc1 {[%emt 0:00:37]} Qe1 {[%emt 0:03:51]} 36. Nb3 {[%emt 0:03:47]} Nxh3+ {[%emt 0:01:29]} 37. Kg2 {[%emt 0:00:21]} Nf4+ {[%emt 0:00:21]} 38. Kf3 {[%emt 0:00:40]} Qxb1 {[%emt 0:00:38]} 39. Rxb1 {[%emt 0:00:02]} Kf7 {[%emt 0:00:32]} 40. Be2 {[%emt 0:00:20]} Ke7 0-1

[Event "WYCC U14 Open 2019"]
[Site "Mumbai"]
[Date "2019.10.11"]
[Round "10.9"]
[White "Laux, Dominik"]
[Black "Shah Jeet"]
[Result "0-1"]
[WhiteElo "2015"]
[BlackElo "1844"]
[Annotator "NA"]
[PlyCount "60"]
[EventDate "2019.10.02"]
[EventType "swiss"]
[EventCountry "IND"]
[SourceTitle "playchess.com"]
[Source "ChessBase"]
[SourceQuality "1"]
[TimeControl "40/5400+30:1800+30"]

1. d4 Nf6 2. Bg5 d5 3. e3 e6 4. Nd2 Be7 5. Bd3 Nbd7 6. f4 b6 7. Ngf3 Bb7 8. Ne5 O-O 9. O-O c5 10. c3 Ne4 11. Bxe7 Qxe7 12. Bxe4 dxe4 13. Qa4 Nf6 14. Rfe1 Rfd8 15. Rac1 a6 16. b4 b5 17. Qa5 c4 18. a4 Ne8 19. Ra1 f6 20. Ng4 Bc6 21. Qb6 Qd7 22. axb5 axb5 23. Qc5 Bd5 24. Ra5 Nd6 25. Qb6 Rdb8 26. Rxa8 Rxa8 27. Nf2 Nc8 28. Qc5 f5 29. g4 Ra7 30. gxf5 exf5 0-1

[Event "WYCC U14 Open 2019"]
[Site "Mumbai"]
[Date "2019.10.11"]
[Round "10.10"]
[White "Pranav Anand"]
[Black "Manish, Kumar"]
[Result "0-1"]
[WhiteElo "2351"]
[BlackElo "2132"]
[Annotator "NA"]
[PlyCount "120"]
[EventDate "2019.10.02"]
[EventType "swiss"]
[EventCountry "IND"]
[SourceTitle "playchess.com"]
[Source "ChessBase"]
[SourceQuality "1"]
[TimeControl "40/5400+30:1800+30"]

1. d4 {[%emt 0:00:00]} Nf6 {[%emt 0:00:00]} 2. c4 {[%emt 0:00:00]} c5 {[%emt 0:00:04]} 3. d5 {[%emt 0:00:00]} b5 {[%emt 0:00:04]} 4. cxb5 {[%emt 0:00:00]} a6 {[%emt 0:00:04]} 5. bxa6 {[%emt 0:00:00]} g6 {[%emt 0:00:04]} 6. Nc3 {[%emt 0:00:01]} Bg7 {[%emt 0:00:06]} 7. Nf3 {[%emt 0:00:04]} O-O {[%emt 0:00:07]} 8. e4 {[%emt 0:00:03]} Qa5 {[%emt 0:00:04]} 9. Bd2 {[%emt 0:00:05]} Bxa6 {[%emt 0:00:04]} 10. Be2 {[%emt 0:00:04]} d6 {[%emt 0:00:05]} 11. O-O {[%emt 0:00:04]} Bxe2 {[%emt 0:00:03]} 12. Qxe2 {[%emt 0:00:05]} Qa6 {[%emt 0:00:03]} 13. Qd1 {[%emt 0:00:04]} Nbd7 {[%emt 0:00:30]} 14. Qc2 {[%emt 0:00:21]} Rfb8 {[%emt 0:00:19]} 15. a4 {[%emt 0:00:06]} Rb4 {[%emt 0:00:13]} 16. h3 {[%emt 0:00:04]} Qc4 {[%emt 0:02:36]} 17. Ra3 {[%emt 0:03:38]} Rab8 {[%emt 0:03:50]} 18. Rb1 {[%emt 0:00:47]} Nxe4 {[%emt 0:38:11]} 19. Qxe4 {[%emt 0:26:57]} Qxe4 {[%emt 0:00:15]} 20. Nxe4 {[%emt 0:00:01]} Rxe4 {[%emt 0:00:02]} 21. a5 {[%emt 0:01:24]} Nf6 {[%emt 0:02:53]} 22. a6 {[%emt 0:14:45]} Nxd5 {[%emt 0:00:28]} 23. a7 {[%emt 0:00:23]} Ra8 {[%emt 0:00:05]} 24. Ra5 {[%emt 0:11:40]} f6 {[%emt 0:29:04]} 25. Rba1 {[%emt 0:05:40]} Kf7 {[%emt 0:00:37]} 26. Rb5 {[%emt 0:02:11]} Ke6 {[%emt 0:00:36]} 27. Rb8 {[%emt 0:00:18]} Nc7 {[%emt 0:00:06]} 28. Rb7 {[%emt 0:00:04]} Nd5 {[%emt 0:00:38]} 29. Ra6 {[%emt 0:03:19]} h6 {[%emt 0:08:24]} 30. Rb8 {[%emt 0:04:05]} Nc7 {[%emt 0:00:12]} 31. Ba5 {[%emt 0:00:15]} Ra4 {[%emt 0:00:13]} 32. Bxc7 {[%emt 0:07:39]} Rxa7 {[%emt 0:00:14]} 33. Rxa4 {[%emt 0:00:21]} Rxa4 {[%emt 0:00:02]} 34. Rb7 {[%emt 0:11:10]} f5 {[%emt 0:01:59]} 35. b3 {[%emt 0:02:30]} Ra1+ {[%emt 0:03:07]} 36. Kh2 {[%emt 0:00:01]} Ra2 {[%emt 0:03:00]} 37. b4 {[%emt 0:01:54]} cxb4 {[%emt 0:01:10]} 38. Bb6 {[%emt 0:00:43]} Bc3 {[%emt 0:03:04]} 39. Be3 {[%emt 0:03:52]} g5 {[%emt 0:01:40]} 40. Nd4+ {[%emt 0:01:10]} Kf6 {[%emt 0:01:25]} 41. Nc6 {[%emt 0:33:48]} f4 {[%emt 0:05:41]} 42. Ba7 {[%emt 0:00:00]} e5 {[%emt 0:05:20]} 43. g4 {[%emt 0:00:00]} Ke6 {[%emt 0:03:14]} 44. Rb5 {[%emt 0:00:00]} Kd7 {[%emt 0:04:38]} 45. Na5 {[%emt 0:00:00]} e4 {[%emt 0:01:04]} 46. Kg1 {[%emt 0:00:00]} Ra1+ {[%emt 0:00:59]} 47. Kh2 {[%emt 0:00:00]} f3 {[%emt 0:00:30]} 48. Rb7+ {[%emt 0:00:00]} Ke6 {[%emt 0:00:18]} 49. Nc6 {[%emt 0:03:48]} Kd5 {[%emt 0:07:12]} 50. Ne7+ {[%emt 0:00:42]} Kc4 {[%emt 0:00:22]} 51. Nc6 {[%emt 0:00:48]} b3 {[%emt 0:00:11]} 52. Bd4 {[%emt 0:00:33]} Bxd4 {[%emt 0:01:02]} 53. Nxd4 {[%emt 0:00:25]} Kxd4 {[%emt 0:00:16]} 54. Rxb3 {[%emt 0:00:06]} d5 {[%emt 0:00:49]} 55. h4 {[%emt 0:00:15]} gxh4 {[%emt 0:00:11]} 56. g5 {[%emt 0:00:31]} hxg5 {[%emt 0:00:04]} 57. Rb2 {[%emt 0:00:10]} Ke5 {[%emt 0:00:19]} 58. Rc2 {[%emt 0:00:15]} Rf1 {[%emt 0:00:26]} 59. Rd2 {[%emt 0:00:23]} Kf4 {[%emt 0:00:11]} 60. Ra2 {[%emt 0:00:23]} g4 {[%emt 0:00:04]} 0-1

[Event "WYCC U14 Open 2019"]
[Site "Mumbai"]
[Date "2019.10.11"]
[Round "10.11"]
[White "Madaminov, Mukhiddin"]
[Black "Petkov, Momchil"]
[Result "1/2-1/2"]
[WhiteElo "2045"]
[BlackElo "2333"]
[Annotator "NA"]
[PlyCount "113"]
[EventDate "2019.10.02"]
[EventType "swiss"]
[EventCountry "IND"]
[SourceTitle "playchess.com"]
[Source "ChessBase"]
[SourceQuality "1"]
[TimeControl "40/5400+30:1800+30"]

1. d4 {[%emt 0:00:45]} Nf6 {[%emt 0:00:00]} 2. Nc3 {[%emt 0:00:20]} d5 {[%emt 0:00:00]} 3. Bf4 {[%emt 0:00:20]} a6 {[%emt 0:00:15]} 4. e3 {[%emt 0:00:50]} e6 {[%emt 0:00:21]} 5. g4 {[%emt 0:01:20]} Bb4 {[%emt 0:01:22]} 6. Bg2 {[%emt 0:04:40]} c5 {[%emt 0:20:22]} 7. g5 {[%emt 0:11:30]} cxd4 {[%emt 0:07:07]} 8. exd4 {[%emt 0:02:40]} Ng8 {[%emt 0:00:51]} 9. Nf3 {[%emt 0:04:20]} Nc6 {[%emt 0:01:38]} 10. O-O {[%emt 0:08:40]} Nge7 {[%emt 0:02:03]} 11. Ne2 {[%emt 0:03:35]} O-O {[%emt 0:01:23]} 12. c3 {[%emt 0:07:55]} Bd6 {[%emt 0:00:47]} 13. Qd2 {[%emt 0:02:40]} Ng6 {[%emt 0:13:14]} 14. Bg3 {[%emt 0:01:00]} Nce7 {[%emt 0:05:31]} 15. Rfe1 {[%emt 0:10:10]} Nf5 {[%emt 0:03:07]} 16. Nc1 {[%emt 0:03:05]} Be7 {[%emt 0:07:01]} 17. Nd3 {[%emt 0:03:55]} Nd6 {[%emt 0:03:40]} 18. h4 {[%emt 0:06:10]} Ne4 {[%emt 0:01:59]} 19. Qe3 {[%emt 0:00:15]} Nxg3 {[%emt 0:05:36]} 20. fxg3 {[%emt 0:00:06]} Bd6 {[%emt 0:00:03]} 21. Nfe5 {[%emt 0:01:09]} Ne7 {[%emt 0:02:40]} 22. Rf1 {[%emt 0:07:45]} Nf5 {[%emt 0:02:13]} 23. Qe1 {[%emt 0:00:25]} f6 {[%emt 0:02:03]} 24. gxf6 {[%emt 0:04:33]} gxf6 {[%emt 0:01:42]} 25. Rxf5 {[%emt 0:00:17]} exf5 {[%emt 0:00:39]} 26. Bxd5+ {[%emt 0:00:10]} Kg7 {[%emt 0:00:42]} 27. Nc4 {[%emt 0:00:20]} Bc7 {[%emt 0:01:18]} 28. Bg2 {[%emt 0:00:15]} f4 {[%emt 0:05:42]} 29. Nxf4 {[%emt 0:00:10]} Bxf4 {[%emt 0:01:41]} 30. gxf4 {[%emt 0:00:01]} Kh8 {[%emt 0:01:02]} 31. Qf2 {[%emt 0:01:47]} Rg8 {[%emt 0:01:26]} 32. Kh2 {[%emt 0:00:37]} Qc7 {[%emt 0:02:40]} 33. Ne3 {[%emt 0:00:17]} Be6 {[%emt 0:01:24]} 34. d5 {[%emt 0:00:53]} Bf7 {[%emt 0:00:33]} 35. Rd1 {[%emt 0:00:12]} Rae8 {[%emt 0:01:46]} 36. d6 {[%emt 0:04:43]} Qc5 {[%emt 0:01:52]} 37. Rd4 {[%emt 0:00:15]} Rd8 {[%emt 0:01:08]} 38. Qd2 {[%emt 0:00:30]} Qh5 {[%emt 0:00:13]} 39. f5 {[%emt 0:00:14]} Bxa2 {[%emt 0:01:05]} 40. c4 {[%emt 0:02:48]} Bb1 {[%emt 0:00:33]} 41. c5 {[%emt 0:32:23]} Rg7 {[%emt 0:06:26]} 42. Qd1 {[%emt 0:00:00]} Qh6 {[%emt 0:02:19]} 43. Qf3 {[%emt 0:00:00]} Rdg8 {[%emt 0:05:51]} 44. Qf4 {[%emt 0:00:00]} Qxf4+ {[%emt 0:04:27]} 45. Rxf4 {[%emt 0:00:00]} Re8 {[%emt 0:00:07]} 46. Rd4 {[%emt 0:00:00]} Rxe3 {[%emt 0:05:05]} 47. d7 {[%emt 0:00:00]} Rxd7 {[%emt 0:00:06]} 48. Rxd7 {[%emt 0:00:00]} Re2 {[%emt 0:01:32]} 49. Kg3 {[%emt 0:00:00]} Bxf5 {[%emt 0:03:00]} 50. Rd8+ {[%emt 0:00:00]} Kg7 {[%emt 0:00:04]} 51. Bxb7 {[%emt 0:00:00]} Rxb2 {[%emt 0:00:12]} 52. c6 {[%emt 0:00:00]} Rc2 {[%emt 0:00:31]} 53. Kf4 {[%emt 0:00:00]} Bh3 {[%emt 0:00:36]} 54. Ra8 {[%emt 0:00:00]} Bg2 {[%emt 0:00:34]} 55. Rxa6 {[%emt 0:00:00]} Rc4+ {[%emt 0:01:07]} 56. Kg3 {[%emt 0:00:00]} Bh1 {[%emt 0:00:46]} 57. Ra7 {[%emt 0:00:45]} 1/2-1/2

[Event "WYCC U14 Open 2019"]
[Site "Mumbai"]
[Date "2019.10.11"]
[Round "10.12"]
[White "Tadic, Stefan"]
[Black "Vignesh N R"]
[Result "1/2-1/2"]
[WhiteElo "2295"]
[BlackElo "2475"]
[Annotator "ChessBase"]
[PlyCount "126"]
[EventDate "2019.10.02"]
[EventType "swiss"]
[EventCountry "IND"]
[SourceTitle "playchess.com"]
[Source "ChessBase"]
[SourceQuality "1"]
[TimeControl "40/5400+30:1800+30"]

1. e4 {[%emt 0:00:00]} e5 {[%emt 0:00:00]} 2. Nf3 {[%emt 0:00:00]} Nc6 {[%emt 0:00:16]} 3. Bb5 {[%emt 0:00:00]} a6 {[%emt 0:00:13]} 4. Ba4 {[%emt 0:00:00]} Nf6 {[%emt 0:00:13]} 5. O-O {[%emt 0:00:00]} Be7 {[%emt 0:00:08]} 6. Bxc6 {[%emt 0:00:00]} dxc6 {[%emt 0:00:18]} 7. d3 {[%emt 0:00:04]} Bg4 {[%emt 0:08:03]} 8. Nbd2 {[%emt 0:14:08]} Bc5 {[%emt 0:04:18]} 9. Nc4 {[%emt 0:18:22]} Nd7 {[%emt 0:05:15]} 10. h3 {[%emt 0:00:39]} Bxf3 {[%emt 0:00:08]} 11. Qxf3 {[%emt 0:00:04]} Qe7 {[%emt 0:04:43]} 12. c3 {[%emt 0:01:54]} O-O-O {[%emt 0:10:41]} 13. b4 {[%emt 0:00:32]} Ba7 {[%emt 0:00:14]} 14. a4 {[%emt 0:01:48]} Kb8 {[%emt 0:02:45]} 15. Be3 {[%emt 0:10:03]} Bxe3 {[%emt 0:10:56]} 16. Qxe3 {[%emt 0:02:47]} Nb6 {[%emt 0:01:00]} 17. Na5 {[%emt 0:12:15]} f5 {[%emt 0:05:07]} 18. exf5 {[%emt 0:03:23]} Nd5 {[%emt 0:01:54]} 19. Qf3 {[%emt 0:03:19]} Nxc3 {[%emt 0:17:16]} 20. Nc4 {[%emt 0:16:21]} Rhe8 {[%emt 0:09:46]} 21. Rfe1 {[%emt 0:01:27]} e4 {[%emt 0:01:25]} 22. dxe4 {[%emt 0:02:30]} Qxb4 {[%emt 0:00:06]} 23. Ra3 {[%emt 0:07:37]} Nxe4 {[%emt 0:02:42]} 24. Rc1 {[%emt 0:01:01]} Qc5 {[%emt 0:02:36]} 25. Raa1 {[%emt 0:01:39]} Qd4 {[%emt 0:03:14]} 26. Rab1 {[%emt 0:00:45]} Ka8 {[%emt 0:02:43]} 27. Rb3 {[%emt 0:01:47]} Nd2 {[%emt 0:01:27]} 28. Nxd2 {[%emt 0:00:05]} Qxd2 {[%emt 0:00:05]} 29. Rbb1 {[%emt 0:00:45]} Qd5 {[%emt 0:00:39]} 30. Qf4 {[%emt 0:00:09]} Qe5 {[%emt 0:00:58]} 31. Qb4 {[%emt 0:00:05]} b6 {[%emt 0:01:16]} 32. Qc4 {[%emt 0:01:08]} Ka7 {[%emt 0:01:26]} 33. Qxc6 {[%emt 0:00:20]} Re7 {[%emt 0:00:07]} 34. Rd1 {[%emt 0:01:08]} Rxd1+ {[%emt 0:01:05]} 35. Rxd1 {[%emt 0:00:02]} Qxf5 {[%emt 0:00:22]} 36. a5 {[%emt 0:01:01]} Qb5 {[%emt 0:02:36]} 37. axb6+ {[%emt 0:00:39]} Qxb6 38. Qc2 {[%emt 0:00:26]} Re6 {[%emt 0:02:05]} 39. Rb1 {[%emt 0:00:37]} Qc6 {[%emt 0:00:24]} 40. Qd2 {[%emt 0:00:29]} Qe4 {[%emt 0:00:53]} 41. Rc1 {[%emt 0:01:49]} Qe5 {[%emt 0:13:27]} 42. Qc2 {[%emt 0:03:09]} Kb7 {[%emt 0:03:20]} 43. Qxh7 {[%emt 0:03:06]} a5 {[%emt 0:01:18]} 44. Qd3 {[%emt 0:01:19]} Rb6 {[%emt 0:01:05]} 45. Qc4 {[%emt 0:03:30]} g6 {[%emt 0:01:19]} 46. g3 {[%emt 0:02:10]} Qd6 {[%emt 0:00:29]} 47. Ra1 {[%emt 0:01:31]} Rb4 {[%emt 0:02:43]} 48. Qc2 {[%emt 0:03:29]} Qb6 {[%emt 0:00:10]} 49. Rd1 {[%emt 0:03:19]} a4 {[%emt 0:03:35]} 50. Ra1 {[%emt 0:05:46]} Qd4 {[%emt 0:02:06]} 51. Rc1 {[%emt 0:01:23]} Qb6 {[%emt 0:00:28]} 52. Ra1 {[%emt 0:01:02]} Qd4 {[%emt 0:00:06]} 53. Rc1 {[%emt 0:00:03]} Qb6 {[%emt 0:00:09]} 54. Qd3 {[%emt 0:00:24]} Ka7 {[%emt 0:03:26]} 55. h4 {[%emt 0:00:29]} Rb3 {[%emt 0:01:14]} 56. Qc4 {[%emt 0:04:33]} Rxg3+ {[%emt 0:00:58]} 57. Kf1 {[%emt 0:00:00]} Ra3 {[%emt 0:00:09]} 58. Qxc7+ {[%emt 0:00:53]} Qxc7 {[%emt 0:00:04]} 59. Rxc7+ {[%emt 0:00:03]} Kb6 {[%emt 0:00:29]} 60. Rg7 {[%emt 0:00:27]} Rc3 {[%emt 0:01:15]} 61. Rxg6+ {[%emt 0:01:01]} Kb5 {[%emt 0:00:09]} 62. Ke2 {[%emt 0:00:58]} a3 {[%emt 0:00:35]} 63. Kd2 {[%emt 0:00:54]} Rh3 {[%emt 0:01:02]} 1/2-1/2

[Event "WYCC U14 Open 2019"]
[Site "Mumbai"]
[Date "2019.10.11"]
[Round "10.13"]
[White "Dhrupad Kashyap"]
[Black "Colbow, Collin"]
[Result "1-0"]
[WhiteElo "2000"]
[BlackElo "2148"]
[Annotator "NA"]
[PlyCount "137"]
[EventDate "2019.10.02"]
[EventType "swiss"]
[EventCountry "IND"]
[SourceTitle "playchess.com"]
[Source "ChessBase"]
[SourceQuality "1"]
[TimeControl "40/5400+30:1800+30"]

1. e4 {[%emt 0:00:00]} c5 {[%emt 0:01:10]} 2. Nf3 {[%emt 0:00:58]} d6 {[%emt 0:00:06]} 3. Bb5+ {[%emt 0:01:09]} Nd7 {[%emt 0:00:08]} 4. O-O {[%emt 0:06:56]} a6 {[%emt 0:00:31]} 5. Bxd7+ {[%emt 0:02:11]} Bxd7 {[%emt 0:00:29]} 6. d4 {[%emt 0:00:08]} cxd4 {[%emt 0:00:28]} 7. Qxd4 {[%emt 0:00:14]} e5 {[%emt 0:00:32]} 8. Qd3 {[%emt 0:00:39]} h6 {[%emt 0:00:15]} 9. Nc3 {[%emt 0:07:42]} Nf6 {[%emt 0:00:35]} 10. Nd2 {[%emt 0:03:11]} Be7 {[%emt 0:09:59]} 11. Nc4 {[%emt 0:02:44]} Be6 {[%emt 0:06:57]} 12. Be3 Bxc4 {[%emt 0:09:56]} 13. Qxc4 {[%emt 0:09:05]} Rc8 {[%emt 0:00:11]} 14. Qb3 {[%emt 0:02:10]} b5 {[%emt 0:03:46]} 15. Rfd1 {[%emt 0:05:25]} O-O {[%emt 0:04:29]} 16. f3 {[%emt 0:02:21]} Qc7 {[%emt 0:04:52]} 17. Rac1 {[%emt 0:06:33]} Qc4 {[%emt 0:06:47]} 18. Nd5 {[%emt 0:00:31]} Nxd5 {[%emt 0:00:17]} 19. Rxd5 {[%emt 0:00:11]} Rc6 {[%emt 0:02:40]} 20. Qxc4 {[%emt 0:07:48]} bxc4 {[%emt 0:00:15]} 21. b4 {[%emt 0:00:33]} cxb3 {[%emt 0:09:34]} 22. axb3 {[%emt 0:00:05]} Rb8 {[%emt 0:01:12]} 23. Rd3 {[%emt 0:00:27]} Bg5 {[%emt 0:03:53]} 24. Kf2 {[%emt 0:02:24]} Kf8 {[%emt 0:00:45]} 25. Bxg5 {[%emt 0:02:31]} hxg5 {[%emt 0:00:10]} 26. Ke2 {[%emt 0:00:20]} Ke7 {[%emt 0:03:18]} 27. Kd2 {[%emt 0:00:44]} Rbc8 {[%emt 0:01:29]} 28. c4 {[%emt 0:02:04]} g6 {[%emt 0:02:19]} 29. h3 {[%emt 0:04:50]} f5 {[%emt 0:01:53]} 30. Ra1 {[%emt 0:03:28]} Rf8 {[%emt 0:07:39]} 31. Re3 {[%emt 0:01:58]} Ke6 {[%emt 0:04:32]} 32. Kc3 {[%emt 0:01:25]} Kd7 {[%emt 0:02:13]} 33. Ra5 {[%emt 0:00:56]} Rfc8 {[%emt 0:00:41]} 34. Re2 {[%emt 0:02:55]} Kc7 {[%emt 0:00:28]} 35. Kd3 {[%emt 0:01:15]} Rb8 {[%emt 0:00:43]} 36. Ra3 {[%emt 0:00:14]} Rcb6 {[%emt 0:00:49]} 37. Kc3 {[%emt 0:00:29]} Rb4 {[%emt 0:02:08]} 38. Re3 {[%emt 0:01:32]} R4b6 {[%emt 0:06:41]} 39. Kc2 {[%emt 0:00:40]} Kc6 {[%emt 0:00:36]} 40. Ra5 {[%emt 0:05:26]} Kb7 {[%emt 0:03:39]} 41. Rd5 {[%emt 0:30:52]} Rc6 {[%emt 0:02:26]} 42. Kc3 {[%emt 0:00:00]} Rbc8 {[%emt 0:04:52]} 43. Red3 {[%emt 0:00:00]} Kc7 {[%emt 0:00:24]} 44. Kb4 {[%emt 0:00:00]} Rb8+ {[%emt 0:01:48]} 45. Ka4 {[%emt 0:00:00]} Rc8 {[%emt 0:10:58]} 46. Rc3 {[%emt 0:00:00]} Kd7 {[%emt 0:01:04]} 47. Kb4 {[%emt 0:00:00]} Rb8+ {[%emt 0:01:16]} 48. Ka5 {[%emt 0:00:00]} Rbc8 {[%emt 0:00:28]} 49. Rcd3 {[%emt 0:00:00]} Ke6 {[%emt 0:01:42]} 50. b4 {[%emt 0:00:00]} Rb8 {[%emt 0:01:10]} 51. b5 {[%emt 0:00:00]} axb5 {[%emt 0:00:20]} 52. cxb5 {[%emt 0:00:00]} Ra8+ {[%emt 0:00:30]} 53. Kb4 {[%emt 0:00:00]} Rb6 {[%emt 0:01:07]} 54. Ra3 {[%emt 0:00:00]} Rxa3 {[%emt 0:00:42]} 55. Kxa3 {[%emt 0:00:00]} Kd7 {[%emt 0:00:35]} 56. Kb4 Rb8 {[%emt 0:00:14]} 57. Rd2 {[%emt 0:00:00]} Rf8 {[%emt 0:01:01]} 58. Ka5 {[%emt 0:00:00]} fxe4 {[%emt 0:01:06]} 59. fxe4 {[%emt 0:00:00]} Rf4 {[%emt 0:04:12]} 60. Re2 {[%emt 0:00:00]} Kc7 {[%emt 0:00:38]} 61. Ka6 {[%emt 0:00:00]} Rf1 {[%emt 0:00:31]} 62. Rc2+ {[%emt 0:00:00]} Kb8 {[%emt 0:00:14]} 63. b6 {[%emt 0:00:00]} Re1 {[%emt 0:01:34]} 64. Rf2 {[%emt 0:00:00]} Ra1+ {[%emt 0:00:25]} 65. Kb5 {[%emt 0:00:00]} Rc1 {[%emt 0:00:38]} 66. Rd2 {[%emt 0:00:00]} Rb1+ {[%emt 0:00:46]} 67. Kc6 {[%emt 0:00:00]} Rc1+ {[%emt 0:01:45]} 68. Kxd6 {[%emt 0:00:00]} Kb7 {[%emt 0:00:05]} 69. Rb2 {[%emt 0:00:00]} 1-0

[Event "WYCC U14 Open 2019"]
[Site "Mumbai"]
[Date "2019.10.11"]
[Round "10.14"]
[White "Pranav Vijay"]
[Black "Vilcu, Matei-Stefan"]
[Result "1-0"]
[WhiteElo "2265"]
[BlackElo "1975"]
[Annotator "ChessBase"]
[PlyCount "53"]
[EventDate "2019.10.02"]
[EventType "swiss"]
[EventCountry "IND"]
[SourceTitle "playchess.com"]
[Source "ChessBase"]
[SourceQuality "1"]
[TimeControl "40/5400+30:1800+30"]

1. d4 {[%emt 0:01:56]} Nf6 {[%emt 0:00:00]} 2. Bg5 {[%emt 0:00:14]} Ne4 {[%emt 0:00:00]} 3. Bf4 {[%emt 0:00:12]} c5 {[%emt 0:00:18]} 4. f3 {[%emt 0:00:10]} Qa5+ {[%emt 0:01:07]} 5. c3 {[%emt 0:00:35]} Nf6 {[%emt 0:00:36]} 6. d5 {[%emt 0:01:01]} e6 {[%emt 0:00:51]} 7. e4 {[%emt 0:01:11]} exd5 {[%emt 0:01:01]} 8. exd5 {[%emt 0:00:13]} d6 {[%emt 0:00:32]} 9. Na3 {[%emt 0:02:08]} Be7 {[%emt 0:01:01]} 10. Nc4 {[%emt 0:04:05]} Qd8 {[%emt 0:00:25]} 11. a4 {[%emt 0:00:33]} Na6 {[%emt 0:02:21]} 12. g4 {[%emt 0:03:29]} Nc7 {[%emt 0:02:56]} 13. Ne3 {[%emt 0:00:27]} b6 {[%emt 0:05:34]} 14. Nh3 {[%emt 0:04:53]} a6 {[%emt 0:04:50]} 15. Bg3 {[%emt 0:02:49]} Bd7 {[%emt 0:09:34]} 16. Nf4 {[%emt 0:01:58]} g5 {[%emt 0:04:51]} 17. Nh3 {[%emt 0:01:09]} h5 {[%emt 0:04:34]} 18. Bg2 {[%emt 0:04:47]} Qc8 {[%emt 0:03:09]} 19. O-O {[%emt 0:03:32]} Rg8 {[%emt 0:08:01]} 20. Qd3 {[%emt 0:01:05]} Rg6 {[%emt 0:03:31]} 21. Rae1 {[%emt 0:01:04]} Kf8 {[%emt 0:02:21]} 22. f4 {[%emt 0:07:29]} Nxg4 {[%emt 0:07:12]} 23. fxg5 {[%emt 0:01:50]} Rg7 {[%emt 0:03:43]} 24. Nc4 {[%emt 0:00:47]} Qb7 {[%emt 0:01:48]} 25. Nxd6 {[%emt 0:00:41]} Bxd6 {[%emt 0:00:39]} 26. Bxd6+ {[%emt 0:00:10]} Kg8 {[%emt 0:00:01]} 27. Re7 {[%emt 0:00:36]} 1-0